• 首页
  • 本馆介绍
  • 公告通知
  • 最新文献
  • 馆藏检索
  • 电子资源
  • 读者导购
  • 参考咨询
  • 我的图书馆
  • 登录
  • 详细信息显示
  • 放入我的书架
  • 预约/预借图书
  • 作者相关作品
  • 分类相关作品
  • 丛书相关作品
  • 出版社相关作品

书目信息

  • 表格格式
  • 工作单格式
  • 卡片格式
题名:
实用化学清洗技术
    
 
作者: 窦照英 编著
分册:  
出版信息: 北京   化学工业出版社  1998.01
页数: 177页
开本: 20cm
丛书名:
单 册:
中图分类: TK228
科图分类:
主题词: 锅炉化学清洗
电子资源:
ISBN: 7-5025-2054-6
000 00568nam0 2200193 45
001 0112110891
005 20031219104051.8
010    @a7-5025-2054-6@dCNY10.00
100    @a20011211d1998 km y0chiy0120 ea
101 0  @achi
105    @a z 000yy
200 1  @a实用化学清洗技术@AShi Yong Hua Xue Qing Xi Ji Shu@f窦照英编著@FDou Zhao Ying Bian Zhu
210    @a北京@c化学工业出版社@d1998.01@e2000.5重印
215    @a177页@d20cm
606 0  @a锅炉化学清洗
690    @aTK228@v4
701  0 @a窦照英@4编著
801    @aCN@bTSTC@c20011211
905    @f6@b301489-494@dTK228@e42
    
    实用化学清洗技术/窦照英编著.-北京:化学工业出版社,1998.01(2000.5重印)
    177页;20cm
    
    
    ISBN 7-5025-2054-6:CNY10.00
    
●
相关链接 在E读中查询图书 在五车中查询图书 在当当中查询图书 在豆瓣中查询图书


正题名:实用化学清洗技术     索取号:TK228/42         预约/预借

序号 登录号 条形码 馆藏地/架位号 状态 备注
1 0301489   203014898   第三借阅区/ [索取号:TK228/42] 在馆    
2 0301490   203014905   第三借阅区/ [索取号:TK228/42] 在馆    
3 0301491   203014914   第三借阅区/ [索取号:TK228/42] 在馆    
4 0301492   203014923   第三借阅区/ [索取号:TK228/42] 在馆    
5 0301493   203014932   第三借阅区/ [索取号:TK228/42] 在馆    
6 0301494   203014941   第二样本阅览室/ [索取号:TK228/42] 在馆    
唐山师范学院图书馆 欢迎您!
大连网信软件有限公司© 版权所有